000 01020nam a2200277Ia 4500
003 OSt
005 20221005104237.0
006 a|||||r|||| 00| 0
007 ta
008 221004b |||||||| |||| 00| 0 hin d
020 _a978933252159 (pbk)
_c645
024 _a7853
037 _b160, 08/11/2013, University Book House
_cTextual
040 _aCRL
_cCRL
_bhin
041 _2hin
_ahin
082 _aX5:8, 152Q4
100 _aलाल, मालाश्री
245 0 _aव्यवसाय, उद्यमिता और प्रबंधन
246 _aVyavasāya, udyamitā aur prabandhana
260 _aदिल्ली
_bपियर्सन
_c2014
300 _a186पृ0
_ccm.
490 _aथ्ल्न्च् थ्ब् ठड।
650 _aवाणिज्य अर्थशास्त्र
_9623768
942 _hX5:8, 152Q4
_cTEXL
_2cc
999 _c1012125
_d1012125